000 00612nam a2200229Ia 4500
003 OSt
005 20220928102939.0
006 a|||||r|||| 00| 0
007 ta
008 220927b |||||||| |||| 00| 0 eng d
024 _a42795
037 _cTextual
040 _aSDCL
_cSDCL
_beng
041 _2eng
_aeng
082 _aO152,1J32:g, M2
100 _aSuman Ambaprashad
_9401340
245 0 _aTulsi kavya chintan
260 _aAligarh
_bGranthyan Sarvoday Nagar
_c1982
300 _a190p.
_ccm.
942 _hO152,1J32:g, M2
_cTEXL
_2CC
999 _c717223
_d717223